[Event "Sautron op 14th"]
[Site "Sautron"]
[Date "2014.10.27"]
[Round "4"]
[White "Neelotpal, Das"]
[Black "Belenkaya, Dina"]
[Result "1-0"]
[WhiteElo "2424"]
[BlackElo "2340"]
[Annotator "RR"]
[PlyCount "134"]
[EventDate "2014.10.26"]
[EventType "swiss"]
[EventRounds "9"]
[EventCountry "FRA"]
[SourceTitle "EXT 2015"]
[Source "ChessBase"]
[SourceDate "2014.11.20"]
[SourceVersion "1"]
[SourceVersionDate "2014.11.20"]
[SourceQuality "1"]
[TimeControl "40/5400+30:1800+30"]

1. c4 {[%emt 0:00:00]} e5 {[%emt 0:01:44] Le choix de l'anglaise a visiblement
surpris la russe qui s'était probablement préparée sur 1.e4} 2. Nc3 {
[%emt 0:00:17]} Nf6 {[%emt 0:00:18]} 3. g3 {[%emt 0:00:05]} d5 {[%emt 0:01:01]}
4. cxd5 {[%emt 0:00:06]} Nxd5 {[%emt 0:00:02]} 5. Bg2 {[%emt 0:00:06]} Nb6 {
[%emt 0:00:14][%csl Gd4]} (5... Ne7 {Lagarde,M (2566)-Neelotpal,D (2424) 14th
Op Sautron 2014 (5.1) 1-0}) 6. e3 {[%emt 0:00:05]} (6. Nf3 {La grande ligne})
6... Be7 {[%emt 0:01:32]} (6... c5 7. Nge2 Nc6 8. O-O Be7 9. a4 Na5 10. f4 O-O
11. fxe5 c4 12. Nd4 Bc5 13. Ncb5 Qe7 14. d3 Qxe5 15. Bd2 cxd3 16. Bxa5 a6 17.
Qxd3 axb5 18. axb5 Nd5 19. Bd2 Rxa1 20. Rxa1 Bd7 21. Kh1 g6 22. Nb3 Bxe3 23.
Qxd5 Qxd5 24. Bxd5 Bxd2 25. Nxd2 Bxb5 26. Bxb7 Rd8 27. Ra8 {1-0 (27) Karjakin,
S (2777)-Fedoseev,V (2677) Moscow 2014}) 7. Nge2 {[%emt 0:00:15]} O-O {[%emt 0:
00:39]} 8. O-O {[%emt 0:01:59]} c5 {[%emt 0:08:28]} (8... Nc6) 9. a4 {[%emt 0:
10:33][%cal Ga4a5]} a6 $6 $146 {[%emt 0:08:44] Les Noirs veulent éviter
d'affaiblir la case "b4"} (9... a5 10. d4 exd4 11. exd4 Nc6 12. d5 Nb4 13. Bf4
Nc4 14. Nb5 Nxb2 15. Qb3 Bf6 16. Nec3 N2d3 17. Bc7 Qd7 18. Rab1 Be5 19. d6 Qg4
20. f4 Bxf4 21. gxf4 Nxf4 22. Rxf4 Qxf4 23. Ne4 Bd7 24. Qg3 Qxg3 25. hxg3 Bxb5
26. axb5 a4 27. Nxc5 a3 28. Rxb4 a2 29. Nb3 Ra3 30. Na1 Rd3 31. Ra4 Rd2 32. Kh2
{1-0 (32) Bocharov,D (2600)-Kanter,E (2402) Izhevsk 2012}) 10. a5 $1 {[%emt 0:
01:11]} Nc4 {[%emt 0:08:51]} 11. Qa4 $36 {[%emt 0:00:52]} b5 {[%emt 0:02:29]} (
11... Nd6 {Moins affaiblissant}) 12. axb6 {[%emt 0:14:42]} Nxb6 {[%emt 0:02:24]
} 13. Qa5 $14 {[%emt 0:03:57]} Ra7 {[%emt 0:01:05]} 14. d4 $1 {[%emt 0:13:24]}
Nc4 {[%emt 0:19:22]} 15. Qxd8 {[%emt 0:05:30]} Rxd8 {[%emt 0:00:41]} 16. d5 $44
{[%emt 0:00:05]} (16. Nd5 $5 cxd4 17. exd4 exd4 18. Rd1 $32 {Les pièces
Noires sont désorganisées}) 16... Nd6 {[%emt 0:05:03]} 17. Na4 {[%emt 0:01:
15]} Nd7 {[%emt 0:03:14]} 18. Bd2 {[%emt 0:00:21]} a5 {[%emt 0:04:16]} 19. Rfc1
$32 {[%emt 0:03:49]} Ba6 {[%emt 0:01:27]} 20. Bf1 {[%emt 0:04:01]} Rb8 {
[%emt 0:02:10]} 21. Be1 {[%emt 0:02:20]} Bc4 {[%emt 0:04:19]} 22. Nec3 {
[%emt 0:01:56]} Bb3 {[%emt 0:05:02]} 23. Nb1 {[%emt 0:15:39]} Bxd5 {[%emt 0:06:
11]} 24. Nxc5 {[%emt 0:00:24]} Rc8 {[%emt 0:05:24]} 25. Nd3 {[%emt 0:02:56]}
Rxc1 {[%emt 0:00:17]} 26. Nxc1 {[%emt 0:00:06]} a4 {[%emt 0:02:12]} (26... Bd8
{[%cal Gd8a5]}) 27. Bb4 {[%emt 0:05:20]} Nc8 {[%emt 0:01:40]} 28. Nd3 {[%emt 0:
04:20]} Bb3 {[%emt 0:02:53]} 29. Nd2 {[%emt 0:00:53]} Bxb4 {[%emt 0:01:00]} 30.
Nxb4 {[%emt 0:00:46]} Be6 {[%emt 0:00:58]} 31. Ne4 {[%emt 0:03:30]} f6 {
[%emt 0:00:33]} 32. Nd3 {[%emt 0:02:36]} Ra5 $6 {[%emt 0:00:59]} 33. b4 {
[%emt 0:00:34]} Ra7 {[%emt 0:00:15]} 34. Nec5 {[%emt 0:00:56]} Bb3 {[%emt 0:00:
14]} 35. Nxb3 {[%emt 0:01:02]} axb3 {[%emt 0:00:01]} 36. Rb1 {[%emt 0:00:20]}
Ra3 {[%emt 0:00:43]} 37. Nc1 {[%emt 0:00:45]} Ndb6 {[%emt 0:00:50]} 38. Nxb3
$16 {[%emt 0:00:18][%csl Gb4]} Kf8 {[%emt 0:00:25]} 39. Nc5 {[%emt 0:00:17]}
Nd6 {[%emt 0:00:51]} 40. Ne6+ {[%emt 0:00:00]} Kf7 {[%emt 0:00:00]} 41. Nd8+ {
[%emt 0:04:27]} Ke8 {[%emt 0:01:27]} 42. Rd1 {[%emt 0:02:22]} Nbc8 {[%emt 0:05:
47]} 43. Ne6 {[%emt 0:05:52]} Rb3 $6 {[%emt 0:07:50]} 44. Nxg7+ {[%emt 0:00:27]
} Kf7 {[%emt 0:03:18][%csl Rb3,Rf7][%cal Gf1c4]} 45. Nf5 $1 {[%emt 0:01:04]}
Ke6 {[%emt 0:00:12]} 46. e4 $40 {[%emt 0:12:10]} Kd7 {[%emt 0:07:41]} 47. b5 {
[%emt 0:00:06]} Kc7 {[%emt 0:00:30]} 48. Rc1+ {[%emt 0:02:46]} Kb7 {[%emt 0:00:
53]} 49. Ne3 {[%emt 0:03:17]} (49. Rc6 Nxe4 50. Bc4 $40 {[%cal Gc4d5]}) 49...
Ne7 {[%emt 0:04:37]} 50. Nc4 {[%emt 0:00:14]} Nxc4 {[%emt 0:00:42]} 51. Bxc4 {
[%emt 0:00:03]} Rb4 {[%emt 0:00:10]} 52. Kg2 {[%emt 0:00:39]} Kb6 {[%emt 0:00:
19]} 53. Kf3 {[%emt 0:00:34][%csl Rf6,Rh7][%cal Gf3g4]} h6 {[%emt 0:01:53]} 54.
Rc2 {[%emt 0:00:12]} Nc8 {[%emt 0:01:57]} 55. Be2 {[%emt 0:03:11]} Na7 {
[%emt 0:00:10]} 56. Rd2 {[%emt 0:00:19]} Kc5 {[%emt 0:01:21]} 57. Rd5+ {
[%emt 0:00:19]} Kb6 {[%emt 0:00:18]} 58. Rd6+ {[%emt 0:00:04]} Kc5 {[%emt 0:00:
10]} 59. Rxf6 $18 {[%emt 0:00:07]} Rb3+ {[%emt 0:01:06]} 60. Kg2 {[%emt 0:01:
13]} Kd4 {[%emt 0:00:29]} 61. Rxh6 {[%emt 0:01:07]} Rb2 {[%emt 0:00:21]} 62.
Bf1 {[%emt 0:00:30]} Kxe4 {[%emt 0:00:09]} 63. Ra6 {[%emt 0:00:52]} Nc8 {
[%emt 0:00:20]} 64. h4 {[%emt 0:00:11]} Kd4 {[%emt 0:00:26]} 65. Rc6 {[%emt 0:
00:52]} Na7 {[%emt 0:00:22]} 66. Rc7 {[%emt 0:00:24]} Nxb5 {[%emt 0:01:07]} 67.
Rb7 {[%emt 0:00:10]} Ke4 1-0

[Event "Lazne Bohdanec"]
[Site "Lazne Bohdanec"]
[Date "1995.??.??"]
[Round "9"]
[White "Votava, Jan"]
[Black "Meduna, Eduard"]
[Result "1-0"]
[WhiteElo "2395"]
[BlackElo "2480"]
[Annotator "Ribli,Z"]
[PlyCount "141"]
[EventDate "1995.01.??"]
[EventType "tourn"]
[EventRounds "11"]
[EventCountry "CZE"]
[EventCategory "10"]
[SourceTitle "CBM 045"]
[Source "ChessBase"]
[SourceDate "1995.04.01"]
[SourceVersion "1"]
[SourceVersionDate "1995.04.01"]
[SourceQuality "1"]

1. e4 c6 2. c4 e5 3. Nc3 Nf6 4. Nf3 Bb4 (4... d6 5. d4 Nbd7 6. Be2 {-> A55}) 5.
Nxe5 Qe7 (5... O-O 6. Be2 Re8 7. Nd3 Bxc3 8. dxc3 Nxe4 9. O-O d5 10. cxd5 Qxd5
11. Be3 Nd7 12. Nf4 $14 {Gheorghiu,F-Mednis,E/Riga izt/1979/INF28,36/}) 6. Nd3
Nxe4 7. Qe2 Nxc3 8. dxc3 Qxe2+ 9. Bxe2 Be7 10. Bf4 $1 (10. Be3 $6 d6 11. O-O-O
Nd7 12. Bg4 O-O 13. Rhe1 Re8 14. Kc2 Kf8 $10 {Kovacevic-Romanishin/Amsterdam/
1973/}) 10... d6 (10... Na6 11. O-O-O Nc5 12. Rhe1 $14) 11. O-O-O Be6 12. Nb4
a5 13. Nc2 Na6 (13... d5 14. Ne3 $5 dxc4 15. Bxc4 Bxc4 16. Nxc4 $16) (13... Kd7
14. Rd2 Rd8 15. Rhd1 $16) 14. Bxd6 Bxd6 15. Rxd6 Rd8 16. Rd4 c5 17. Rxd8+ Kxd8
18. Ne3 $16 Nc7 19. Rd1+ Ke7 20. Bf3 b6 21. Bd5 g5 (21... Nxd5 22. cxd5 Bd7 23.
Nc4 $18) 22. Bxe6 fxe6 23. Ng4 Na6 24. Ne5 Nb8 25. Rd3 Rf8 26. Rh3 Kd6 27. Ng4
Rf7 28. Rh5 Rg7 29. Kd2 (29. Nf6 Ke5 30. Nxh7 Kf5 31. Rh6 $18) 29... Nd7 30.
Ke3 Ke7 31. Ke4 Kd6 32. f3 Ke7 33. Rh6 Rf7 34. Ke3 Kd6 35. Nf2 Ke7 36. Ne4 Rg7
37. b3 Ne5 38. Rh5 Nf7 39. g4 h6 40. h4 gxh4 (40... Rg6 41. hxg5 hxg5 42. f4
gxf4+ 43. Kxf4 $18) 41. Rxh4 Rg8 42. Rh5 Rf8 43. f4 Rg8 44. Kf3 Rf8 45. a3 Rc8
46. Rh1 Rd8 47. Ke3 Rg8 48. Rg1 Nd6 49. Nxd6 Kxd6 50. Kf3 Ke7 51. Re1 Kf6 52.
Rh1 Kg6 53. Rd1 Kf6 54. Rd6 a4 55. bxa4 Ra8 56. f5 Rxa4 57. Rxe6+ Kg7 58. Rg6+
Kh7 59. Kg3 Rxc4 60. Kh4 Rxc3 61. Rxb6 Rxa3 (61... Rc1 62. Rb7+ Kg8 63. Kh5 $18
) 62. Rb7+ Kg8 63. Kh5 Rg3 (63... Ra6 64. Rc7 Rd6 65. Rxc5 Kg7 66. Rc7+ Kg8 67.
Re7 $18) 64. Rc7 Rg1 65. Rxc5 Kf7 66. Rc7+ Kf6 67. Rc6+ Ke5 68. Rxh6 Kf4 69.
Ra6 Rh1+ 70. Kg6 Kxg4 71. Ra4+ {Ribli} 1-0

[Event "ISL-FRA"]
[Site "Reykjavik"]
[Date "1993.??.??"]
[Round "4"]
[White "Dorfman, Josif D"]
[Black "Stefansson, Hannes"]
[Result "1/2-1/2"]
[WhiteElo "2580"]
[BlackElo "2495"]
[Annotator "Ribli,Z"]
[PlyCount "47"]
[EventDate "1993.??.??"]
[EventType "schev"]
[EventRounds "10"]
[EventCountry "ISL"]
[SourceTitle "CBM 035"]
[Source "ChessBase"]
[SourceDate "1993.08.01"]
[SourceVersion "1"]
[SourceVersionDate "1993.08.01"]
[SourceQuality "1"]

1. c4 Nf6 2. Nc3 e5 3. g3 Bb4 4. Bg2 O-O 5. e4 Bxc3 $5 6. bxc3 d6 (6... Re8 7.
Ne2 c6 8. O-O d5 9. exd5 cxd5 10. d4 exd4 11. Nxd4 dxc4 12. Nb5 $44 {Sorokin,
M-Gavrilov,A/St.Petersburg zt/1993/CBM34/}) (6... a6 $5 $13 {Ibragimov,
E-Dvoirys,S/URS-sf/1989/CBM16/}) 7. Ne2 a6 8. O-O b5 9. d4 $5 (9. cxb5 axb5 10.
f4 Bb7 11. d3 Nbd7 12. h3 c5 13. g4 c4 $13 {Gurevich,M-Barlov/Vrsac/1985/INF40,
36/}) 9... bxc4 10. f3 Nfd7 11. g4 d5 $5 (11... Bb7 $2 12. Rb1 Ra7 13. Be3 $16)
12. exd5 Bb7 13. f4 exd4 14. Nxd4 Nb6 15. Nf5 (15. Ba3 $5 Re8 16. Nc6 $44)
15... N8d7 (15... Bxd5 $2 16. Bxd5 Nxd5 17. Qxd5 Qxd5 18. Ne7+ $18) 16. g5 f6
$5 17. Ba3 Rf7 18. Nd4 fxg5 (18... Bxd5 $2 19. Bxd5 Nxd5 20. Nc6 $18) 19. Ne6
Qf6 20. Nxg5 Qxc3 21. Rf3 Qf6 22. Nxf7 Qxf7 23. Bb2 Nf6 (23... Bxd5 $2 24. Rg3
Nf6 25. Bxf6 Qxf6 26. Bxd5+ $18) 24. Rg3 $14 (24. Rg3 Rd8 25. Qd4 $14) 1/2-1/2

[Event "Brno-B"]
[Site "Brno"]
[Date "1993.??.??"]
[Round "5"]
[White "Stangl, Markus"]
[Black "Polgar, Sofia"]
[Result "1-0"]
[WhiteElo "2525"]
[BlackElo "2430"]
[Annotator "Ribli,Z"]
[PlyCount "115"]
[EventDate "1993.08.??"]
[EventType "tourn"]
[EventRounds "9"]
[EventCountry "CZE"]
[EventCategory "9"]
[SourceTitle "CBM 038"]
[Source "ChessBase"]
[SourceDate "1994.02.01"]
[SourceVersion "1"]
[SourceVersionDate "1994.02.01"]
[SourceQuality "1"]

1. c4 e5 2. Nc3 Nf6 3. g3 d5 4. cxd5 Nxd5 5. Bg2 Nb6 6. d3 (6. a4 a5 7. d3 Bb4
$5 $13) 6... Be7 7. a4 $5 a5 8. Be3 c6 $6 (8... O-O $5) 9. Nf3 N8d7 10. Qb3 $1
Bb4 (10... O-O 11. Nxe5 $1 $18) 11. O-O Qe7 12. Na2 Bc5 13. d4 exd4 14. Nxd4
Qf6 $2 (14... O-O 15. Rac1 $14) 15. Nxc6 $1 Qe6 (15... bxc6 16. Bxc5 Nxc5 17.
Qxb6 $18) 16. Qxe6+ fxe6 17. Nd4 Kf7 (17... Nxa4 18. Nxe6 $18) 18. b3 e5 19.
Nf5 Kf6 20. g4 h5 $2 21. Ng3 $1 Ke7 22. Bg5+ Nf6 23. gxh5 Kf7 24. Rac1 Be7 25.
Rc7 $2 (25. Rfd1 $18) 25... Nfd5 26. Rfc1 Nxc7 27. Rxc7 $44 Re8 28. Be3 Ra6 29.
Be4 Na8 30. Rc2 Rd8 31. Nc1 Be6 32. Bxb7 Rad6 33. Be4 Nb6 34. Nd3 Nd7 (34...
Bxb3 35. Rb2 $18) 35. Nf5 Bxf5 36. Bxf5 Kf6 37. Be4 Rb8 38. Rc3 Ke6 39. Ba7 Rh8
40. Bg6 Ra8 (40... Nf8 41. Nc5+ Kf6 (41... Kd5 42. Be4+ Kd4 43. Rc4#) 42. Ne4+
$18) 41. Be3 Bf6 42. Rc4 Rb8 43. b4 axb4 44. Nxb4 Nb6 45. Bxb6 Rdxb6 46. Nd3
Rb1+ 47. Kg2 Ra1 48. Be4 Rb6 49. Nc5+ Ke7 50. Nb7 Ra2 51. Bf3 Rb1 52. Rc7+ Kf8
53. Nc5 Raa1 54. Bd5 Rc1 55. Ne6+ Ke8 56. Bc6+ Rxc6 57. Rxc6 Rxa4 58. Rc7 1-0

[Event "EU-Cup 19th"]
[Site "Rethymno"]
[Date "2003.09.30"]
[Round "3.5"]
[White "Schulz, Klaus Juergen"]
[Black "Ivanov, Sergey"]
[Result "1-0"]
[WhiteElo "2380"]
[BlackElo "2556"]
[Annotator "Ribli,Z"]
[PlyCount "81"]
[EventDate "2003.09.28"]
[EventType "team-swiss"]
[EventRounds "7"]
[EventCountry "GRE"]
[SourceTitle "CBM 098"]
[Source "ChessBase"]
[SourceDate "2004.02.03"]
[SourceVersion "1"]
[SourceVersionDate "2004.02.03"]
[SourceQuality "1"]
[WhiteTeam "Eynatten"]
[BlackTeam "St Petersburg"]
[WhiteTeamCountry "BEL"]
[BlackTeamCountry "RUS"]

1. c4 e5 2. e3 {Nach diesem Zug können wir eigentlich die theoretische
Variante vergessen - jetzt beginnt das praktische Spiel. Ich muss bemerken,
dass Weiß eigentlich die 2...e6 Variante der Sizilianische Verteidigung spielt,
aber mit Tempo mehr.} Nf6 3. Nc3 Bb4 4. Nd5 {Die Idee des Springerzugs ist,
dass nach dem Tausch auf d5 der weiße d5P die natürliche Entwicklung des
schwarze Damenflügels verhindert.} (4. Nge2 $5 {Dieser Springerzug mit der
Idee 5.a3 und im Falle von 5...Bxc3 6.Nxc3 erscheint mir logischer, als die
Partiefortsetzung.}) (4. Qc2 $5) 4... Nxd5 5. cxd5 O-O 6. a3 (6. Bc4 $5 {
Interessant, dass man diese Variantevor mehr als 100 Jahren spielte! Alles
schon dagewesen, es gibts nichts Neues unter der Sonne...} d6 7. Ne2 f5 8. f4
Nd7 9. a3 Ba5 10. O-O a6 11. b4 Bb6 12. Bb2 e4 13. Ng3 Nf6 14. Nh5 Nxh5 15.
Qxh5 Qe8 16. Qxe8 Rxe8 17. Kf2 {1-0 Von Bardeleben,C-Mieses,J/Berlin 1897 ! /
EXT 2002 (51)}) 6... Be7 (6... Bc5 7. b4 Bb6 8. Bb2 d6 9. Ne2 Nd7 10. Nc3 Nf6
11. Bc4 Ng4 12. Qe2 f5 13. f3 Nf6 14. Na4 {1-0 Quinteros,M-Hase,J/Moron 1982/
EXT 2002 (42)}) 7. d3 $6 {Dieser Zug ist passiv. Weiß muss im Zentrum
agressiver kämpfen.} (7. d4 $11) 7... c6 $15 {Natürlich muss Schwarz sich vorm
d5-Bauern befreien.} 8. Nf3 $5 {Ein mutiger Zug in schlechter Stellung. Weiß
opfert einen Bauern für die Initiative. Nach normalen Zügen bekommt Schwarz
eine bequeme, bessere Stellung.} (8. dxc6 Nxc6 (8... dxc6 9. Nf3 $11) 9. Nf3 d5
$15 {[%csl Gd5,Ge5] Schwarz hat eine starke Bauernmasse im Zentrum und
Entwicklungsvorteil.}) 8... Qa5+ {[%cal Ra5e1,Ra5d5]} 9. Bd2 Qxd5 10. Bc3 d6 (
10... f6 $17 {Nach diesem Zug kann Schwarz Qe6 (oderQf7) spielen und d7-d5
ziehen, mit starker Zentrumsstellung.}) 11. h4 {Obwohl Weiß einige taktische
Gegenchancen hat, ist seine kleine Initiative gar nicht ausreichend für die
Kompensation des Bauern.} Bg4 $17 {Schwarz hat einen Bauern mehr und eine
bequeme, feste Stellung, ohne Schwächungen.} 12. Be2 h5 $2 {Schwarz ist
ziemlich optimistisch - mit dem Textzug befestigt er seine g4-Läuferstellung,
aber gleichzeitig schwächt er die schwarze Königsstellung.} (12... f5 $1 $17)
13. e4 $1 $132 Qe6 (13... Qc5 14. d4 exd4 15. Bxd4 Qa5+ 16. Bc3 Qb6 17. Nd4 $44
{Wegen der erschwächten schwarzen Königsstellung hat Weiß ausreichend
Kompensation für den Bauern.}) 14. Ng5 (14. d4 $5 Nd7 (14... exd4 $2 15. Nxd4
Qd7 (15... Qxe4 $2 16. f3 $16) 16. Bxg4 hxg4 (16... Qxg4 17. Qxg4 hxg4 18. Nf5
$16) 17. Nf5 $16) (14... Bxf3 15. Bxf3 $132) 15. Ng5 $132) 14... Bxe2 (14...
Qc8 15. d4 $132) 15. Qxe2 (15. Nxe6 $2 Bxd1 16. Nxf8 Bb3 $19) 15... Qg4 (15...
Bxg5 16. hxg5 g6 17. f4 exf4 18. Rxh5 $1 $36) 16. f3 {Natürlich möchte Weiß
die Damen nicht tauschen, sonst würde er einen zweite Bauern geben.} Qg3+ 17.
Kd1 (17. Qf2 Qxf2+ 18. Kxf2 Nd7 $17) 17... Bxg5 (17... Qf4 18. Kc2 $44) 18. Rh3
(18. hxg5 Qxg5 19. f4 Qxf4 20. Qxh5 f6 21. Kc2 $44) 18... Qf4 (18... Qxh3 $5
19. gxh3 Bf4 $44 {In diesem Fall hat Schwarz Turm, Springer und Bauern gegen
die Dame und die schwarze Bauernstruktur ist gesund.}) 19. hxg5 Qxg5 20. Kc2
$44 {[%csl Rg8][%cal Ga1h1,Gh1h8] Weiß hat (mindestens) ausreichend
Kompensation für die zwei Bauern - die schwarze Königsstellung ist angreifbar.
Weiß möchte die Türme auf der h-Linie verdoppeln.} Nd7 21. Rah1 {[%mdl 128]} f6
{[%cal Gg8f7] Mit diesem Zug macht Schwarz sich ein Schlupfloch für den König
auf f7.} (21... g6 22. g4 hxg4 23. fxg4 $40) (21... Nf6 22. g4 $40) 22. Rxh5
Qg6 23. Bb4 $1 {[%cal Gb4f8]} (23. g4 $44) 23... c5 (23... Nc5 24. Bxc5 dxc5
25. d4 $16 {[%cal Re2c4,Rc4g8]}) {[#]} 24. d4 $3 $16 {[%mdl 64] Schönes
taktisches Motiv - droht das brutale 25.Qc4+ mit sofortigem Gewinn.} d5 (24...
cxb4 25. Qc4+ $18) (24... Nb6 25. dxc5 Rfc8 26. Kb1 dxc5 27. Ba5 $16) 25. dxc5
{[%csl Gb4][%cal Rc5c6,Rb4f8,Rc6d7] Droht jetzt 26.c6 mit Materialsgewinn.
Weiß hat schon das materielle Gleichgewicht und hat großen Angriff am
Königsflügel.} Rfd8 26. Kc1 {Weiß vermeidet die Diagonale h7-b1 mit dem König,
so droht jetzt 27.exd5.} Nf8 (26... a5 27. Qd3 axb4 (27... Nf8 28. Qb5 axb4 29.
Qxb7 $18) 28. Qxd5+ $18) 27. Qb5 $1 Rab8 28. exd5 Qxg2 (28... Rxd5 29. Rh8+ Kf7
30. Rxf8+ $1 Rxf8 (30... Kxf8 31. c6+ $18 {[%cal Rb4f8,Rb5d5]}) 31. Qxb7+ Ke6
32. Qc6+) 29. Qc4 $18 {[%csl Rg8][%cal Rc4g8]} Kf7 (29... b5 30. Qb3 $18) 30.
c6 (30. d6+ $2 Ne6 $132) 30... Rbc8 (30... bxc6 31. dxc6+ Ne6 32. c7 $18) 31.
Bxf8 {Das ist die einfachste Lösung - Weiß gewinnt forciert.} (31. d6+ Ne6 32.
c7 Rd7 33. Qd5 $18) 31... Rxf8 (31... Kxf8 32. Qb4+ Kf7 33. Qxb7+ Kg6 34. Rh7
$18) 32. d6+ Kg6 33. c7 (33. Qd3+ f5 (33... Kf7 34. Qb3+ Kg6 35. c7 $18) 34. c7
$18) 33... Qxf3 34. R5h4 {[%csl Gc4,Gc7,Gd6,Rg6,Gh1,Gh4] Der schwarze König
befindet sich in Mattnetz.} b5 35. Qe6 (35. Qxb5 $18) 35... Kg5 36. R1h3 Qf1+
37. Kc2 $4 {Ich bin gar nicht sicher, ob in der Partie wirklich 37.Kc2??
gespielt wurde. Das kann auch ein Fehler in der Partienotation sein.} (37. Kd2
$18) 37... Qf2+ $4 (37... Qf5+ 38. Qxf5+ Kxf5 $17 {[%cal Gf5e6,Ge6d7]}) 38. Kc3
Qe1+ 39. Kb3 Qd1+ (39... Qxh4 40. Rxh4 Kxh4 41. Kb4 $18 {[%csl Gc7,Gd6]}) 40.
Ka2 g6 41. Rg3+ (41. Rg3+ Kxh4 42. Qh3#) 1-0

[Event "Munich SKA"]
[Site "Munich"]
[Date "1992.??.??"]
[Round "6"]
[White "Huebner, Robert"]
[Black "Christiansen, Larry Mark"]
[Result "1/2-1/2"]
[WhiteElo "2615"]
[BlackElo "2595"]
[Annotator "Ribli,Z"]
[PlyCount "68"]
[EventDate "1992.05.??"]
[EventType "tourn"]
[EventRounds "11"]
[EventCountry "GER"]
[EventCategory "14"]
[SourceTitle "CBM 030"]
[Source "ChessBase"]
[SourceDate "1992.10.01"]
[SourceVersion "1"]
[SourceVersionDate "1992.10.01"]
[SourceQuality "1"]

1. c4 e5 2. Nc3 Nf6 3. g3 Bb4 4. Bg2 O-O 5. e4 Bxc3 $5 (5... Re8 6. Nge2 a5 7.
O-O Nc6 8. d3 Bc5 9. h3 $14 {Sher,B-Claudouras,P Budapest Elekes 1989 CBM/14})
6. bxc3 c6 $5 (6... a6 7. a4 d6 8. d3 Nfd7 9. Ne2 Qe8 10. Qc2 a5 11. Be3 Na6
12. O-O Ndc5 $13 {Ibragimov,E-Dvoirys,S URS-sf Russia-ch Gorky CBM/16}) (6...
Re8 7. Ne2 c6 8. Qb3 b6 9. O-O Bb7 10. f4 exf4 11. d3 d5 12. Bxf4 Nbd7 $13 {
Christiansen,L-Epishin,V New York op 1990 EXP/16 50/19}) 7. Ba3 (7. Qb3 Na6 8.
Ba3 d6 9. Ne2 Be6 $6 (9... Re8 $5) 10. d4 exd4 11. Nxd4 Nc5 12. Bxc5 dxc5 13.
Nxe6 fxe6 14. O-O Qc7 15. e5 $1 $14 {Hort-Smyslov Reggio Emilia 1986/87 43/20})
7... Re8 8. Qb3 b6 9. d3 Bb7 10. Nf3 d5 11. Nd2 $8 (11. cxd5 cxd5 12. exd5 Bxd5
13. c4 e4 $17) 11... Na6 12. O-O Nc7 13. Rfe1 Qd7 14. Rad1 Rad8 15. exd5 cxd5
16. Nf3 dxc4 17. dxc4 Qc8 18. Rxd8 Qxd8 19. Rxe5 Rxe5 20. Nxe5 Bxg2 21. Kxg2
Qa8+ 22. f3 Qd8 23. Qc2 Qe8 $44 24. Bd6 Ne6 25. Qb1 Qd8 26. Qd3 h6 27. Bb4 Qe8
28. Qd6 a5 29. Ba3 Qa4 30. Kg1 Qc2 31. Qxb6 Qd1+ 32. Kf2 Qd2+ 33. Kf1 Qd1+ 34.
Kf2 Qd2+ 1/2-1/2